000 00792nam a22002177a 4500
005 20100802140356.0
010 _aENG-97258
020 _a9788190849920
_c695.00
035 _aEN-80791
037 _bDBAD/PUB
082 _a548.32
100 _aMohd Altaf
_94188
245 _aGlobal trends in E- Commerce /
_cby Mohd Altaf
260 _aNew Delhi
_bEnkay Publishing House
_c2011
270 _a209,Hari Sadan 20 Ansari Road Darya Ganj
_bNew Delhi
_e100002
300 _aviii,280p
_c21cm (Hb)
500 _aincludes bibliographical references and index
650 _aelectronic commerce
_94189
942 _2ddc
_cEN
_h548.32
_mMOH
999 _c38654
_d38654